[Event "It B"]
[Site "Stepanakert ARM"]
[Date "2005.10.02"]
[Round "1"]
[White "Galstian,B"]
[Black "Chibukhchian,A"]
[Result "1/2-1/2"]
[WhiteElo "2474"]
[BlackElo "2397"]
[EventDate "2005.10.02"]

1. e4 c5 2. Nf3 e6 3. b3 d6 4. Bb2 Nf6 5. d3 Nc6 6. g3 g6 7. Nbd2 Bg7 8.
Bg2 O-O 9. O-O e5 10. a3 b6 11. c3 d5 12. b4 dxe4 13. dxe4 Qe7 14. b5 Na5
15. c4 Ne8 16. Bc3 Nb7 17. Ne1 Nc7 18. Nc2 Ne6 19. Ne3 Nd4 20. Nd5 Qd8 21.
f4 Nd6 22. Bxd4 cxd4 23. fxe5 Bxe5 24. Nf3 Bg4 25. Nxe5 Bxd1 26. Raxd1 Qg5
27. Nf3 Qh6 28. Rxd4 Kh8 29. e5 Nf5 30. Rf4 Rad8 31. g4 Nh4 32. Nxh4 Qxh4
33. e6 fxe6 34. Rxf8+ Rxf8 35. Rxf8+ Kg7 36. Rf4 exd5 37. Bxd5 Qg5 38. Re4
h5 39. h3 Qc1+ 40. Kf2 Qb2+ 41. Re2 Qxa3 42. gxh5 gxh5 43. Re3 Qb2+ 44. Kg3
Kg6 45. Kf4 Qd4+ 46. Kf3 Kg5 47. Ke2 Qb2+ 48. Kd3 h4 49. Rf3 Qa1 50. Ke4
Qe1+ 51. Re3 Qa1 52. Be6 Kf6 53. Kd5 Qd1+ 54. Kc6 Qd2 55. Re4 Qd8 56. Kb7
Qe7+ 57. Kb8 Qa3 58. Bd5 Qxh3 59. Kxa7 Qd7+ 60. Kxb6 h3 61. Re1 h2 62. Rh1
Qd6+ 63. Ka7 Qc7+ 64. Ka6 Qc8+ 65. Ka5 Qc5 66. Ka4 Qg1 67. Ka5 Qa7+ 68. Kb4
Qg1 69. Ka5 Qa7+ 70. Kb4 Qg1 1/2-1/2